000
00274nam a2200109Ia 4500
008
190216s9999||||xx |||||||||||||| ||und||
100
_a
Bhatia M S
245
0
_a
Cbs Quick Medical Examinations Review Vol I
260
_b
Cbs Publishers
_c
1992
300
_a
1256p
942
_c
REF
999
_c
36207
_d
36207